| 000 | 00612nam a2200193 i 4500 | ||
|---|---|---|---|
| 001 | 150953 | ||
| 003 | ES-MaACL | ||
| 005 | 20230906203755.0 | ||
| 007 | t| | ||
| 008 | 071114q18501899fr ||||1| fre d | ||
| 100 | 0 |
_aErckmann-Chatrian. _947367 |
|
| 245 | 1 | 2 |
_aL'ami Fritz / _cErckmann-Chatrian ; illustrations de Théophile Schuler. |
| 260 |
_a[Paris? : _bJ. Hetzel?, _c18--?] |
||
| 300 |
_a95 p. : _bil. ; _c28 cm. |
||
| 500 | _aTexto a dos columnas. | ||
| 500 | _aEjemplar falto de portada. | ||
| 700 | 1 |
_aSchuler, Théophile. _9104756 |
|
| 852 |
_aES-MaACL _jC-1919(2) _q. - Encuadernado con otras obras |
||
| 999 |
_c150953 _d150953 |
||